000 00352 a2200121 4500
001 ART_51499
005 20260410161843.0
008 260409a
245 1 0 _aMilitares: régimen de ascensos
100 1 _aTorres, Ismael F.
700 1 _aFuria de Torres, Lilian Alicia G.
773 0 _tRAP
_g- Año 42, N° 494 (nov. 2019)
_wREV5941
999 _c24305
_d24305